000 00420nam a2200157Ia 4500
003 GCL
008 140319s9999 xx 000 0 ara d
040 _aGCL /
_cGCL
082 0 4 _aط
_b507
_bد ص
100 1 _aدار المعارف
245 1 0 _aالصخور والتعدين /
_cدار المعارف
490 _a100 قصة
_v0
650 0 4 _aدوائر المعارف
650 0 4 _aالاطفال
942 _2ddc
_cBK
999 _c45778
_d45778